| 000 | 01588 a2200193 4500 | ||
|---|---|---|---|
| 003 | Nust | ||
| 005 | 20221011150718.0 | ||
| 010 | _a 71133993 | ||
| 020 | _a0800500024 | ||
| 040 | _cNust | ||
| 082 | 0 | 0 | _a540,BIG |
| 100 | 1 |
_aBigelow, Melvin Jerome, _999913 |
|
| 245 | 1 | 0 |
_aBasic concepts of chemistry _c[by] M. Jerome Bigelow. |
| 260 |
_aTarrytown-on-Hudson, N.Y., _bBogden & Quigley _c[1971] |
||
| 300 |
_axv, 396 p. _billus. _c25 cm. |
||
| 505 | _aIntroduction-Matter And Its Measurement (Page-1), Introduction-Energy And Its Measurement (Page-16), Stoichiometry- Chemical Reactions (Page-28), Atomic Structure (Page-48), Arrangement Of Electrons In The Atom (Page-63), The Periodic Table (Page-78), The Elements Of Groups 1a And 2a-Ionic And Metallic Bonding (Page-91), The Covalent Bond-Second Period Hydrides (Page-103), Water Solutions (Page-113), The Kinetic Molecular Theory (Page-135), Liquids And Solids (Page-156), Groups 3a Elements-Hydrolysis And Acid-Base Theories (Page-169), Concertation Units-Reactions In Solution (Page-187), Kinetics And Equilibrium (Page-196), Ionization Equilibria In Water Solution (Page-214), The Noble Gases And The Atmosphere (Page-235), The Elements Of Groups Via And Viia (Page-245), Oxidation-Reduction Reactions (Page-265), Electrochemical Cells (Page-275), The Group 4a And 5a Elements (Page-291), Transition Elements-The Rest Of Periodic Table (Page-310), Organic Chemistry-Hydrocarbons (Page-325), Other Classes Of Organic Compounds (Page-338), Polymers (Page-353), Biochemistry (Page-360). | ||
| 650 | 0 | _aChemistry. | |
| 942 |
_2ddc _cBK |
||
| 999 |
_c183393 _d183393 |
||